| 000 | 00758 a2200193 4500 | ||
|---|---|---|---|
| 003 | NUST | ||
| 005 | 20251124132030.0 | ||
| 040 | _cNust | ||
| 082 | _a621.382,JAB | ||
| 100 |
_aJabbar, GC Abdul ( TCC-19 ) _9132024 |
||
| 245 |
_aIRIS Recognition / _cGC Abdul Jabbar, Sgt Masood Bin and GC Muhammad Haris |
||
| 260 |
_aRawalpindi _bMCS (NUST) _cAugust 2011 |
||
| 300 | _ax, 58 p.; | ||
| 505 | _aMotivation Behind Biometrics (Page-1), Basic of Image Processing (Page-9), IRIS Localization (Page-14), IRIS Normalization (Page-23),Encoding (Page-28), IRIS Template (Page-30), Project Result Analysis (Page-34). | ||
| 650 |
_aUG Projects _998716 |
||
| 651 |
_aTCC-19 _9106901 |
||
| 700 |
_aSupervised by Dr. Adil Masood Sidiquei _9132025 |
||
| 942 |
_cPR _2ddc |
||
| 999 |
_c188985 _d188985 |
||